Sports Quiz

Random Sports or Basketball Quiz
Score 0/68 Timer 08:00
0 Plays Today
College Nickname % Correct
ArizonaWildcats
95.6%
KentuckyWildcats
95.6%
VillanovaWildcats
95.5%
Weber St.Wildcats
95.3%
DukeBlue Devils
93.6%
CaliforniaGolden Bears
93.5%
BaylorBears
92.9%
ButlerBulldogs
91.8%
Fresno St.Bulldogs
91.8%
YaleBulldogs
91.8%
GonzagaBulldogs
91.6%
UNC AshevilleBulldogs
91.5%
OregonDucks
90.5%
Michigan St.Spartans
90%
SyracuseOrange
89.3%
Notre DameFighting Irish
89.2%
North CarolinaTar Heels
89%
MichiganWolverines
88.8%
KansasJayhawks
88.7%
TexasLonghorns
88.6%
ConnecticutHuskies
87.7%
IndianaHoosiers
87.5%
OklahomaSooners
87.4%
WisconsinBadgers
87.4%
Miami (Fl)Hurricanes
86.6%
USCTrojans
86.1%
Little RockTrojans
85.8%
PurdueBoilermakers
84.4%
IowaHawkeyes
83.9%
MarylandTerrapins
83.8%
Texas A&MAggies
83.5%
CincinnatiBearcats
81.6%
Oregon St.Beavers
78%
PittsburghPanthers
78%
College Nickname % Correct
Northern IowaPanthers
77.8%
UtahUtes
76.9%
Iowa St.Cyclones
76.6%
TempleOwls
76.6%
West VirginiaMountaineers
76.1%
VirginiaCavaliers
74.3%
DaytonFlyers
73.9%
ColoradoBuffaloes
70.7%
HawaiiWarriors
69.8%
Wichita St.Shockers
69.4%
Texas TechRed Raiders
68.9%
VanderbiltCommodores
63.4%
Seton HallPirates
63%
HamptonPirates
62.8%
ProvidenceFriars
62.4%
Saint Joseph’sHawks
54.6%
BuffaloBulls
50.8%
Florida Gulf CoastEagles
49.4%
VCURams
47.7%
XavierMusketeers
41.8%
South Dakota St.Jackrabbits
38.4%
TulsaGolden Hurricane
34.7%
Stephen F. Austin St.Lumberjacks
33.9%
Holy CrossCrusaders
32.8%
IonaGaels
31.3%
Middle TennesseeBlue Raiders
28.5%
Fairleigh DickinsonKnights
24.1%
SouthernJaguars
23.9%
UNC WilmingtonSeahawks
23.2%
Austin PeayGovernors
22.1%
ChattanoogaMocs
22.1%
Stony BrookSeawolves
19.7%
Green BayPhoenix
19%
Cal State BakersfieldRoadrunners
12.8%
Remove Ads.
Support Sporcle.
Get the best of Sporcle when you Go Orange. This ad-free experience offers more features, more stats, and more fun while also helping to support Sporcle. Thank you for becoming a member.

You're not logged in!

Compare scores with friends on all Sporcle quizzes.
OR
Log In

Sporcle TV

Today on Sporcle TV


Watch our educational content, quiz creation guides, and fun videos on Sporcle TV.

Show Comments

Extras

Top Quizzes Today


Score Distribution

Paid Content

Your Account Isn't Verified!

In order to create a playlist on Sporcle, you need to verify the email address you used during registration. Go to your Sporcle Settings to finish the process.

Report this User

Report this user for behavior that violates our Community Guidelines.

Details: